LEADER 04575nam 22011534a 450 001 9910780250803321 005 20230617011933.0 010 $a1-283-27705-0 010 $a9786613277053 010 $a0-520-92852-0 024 7 $a10.1525/9780520928527 035 $a(CKB)111087027178656 035 $a(EBL)223488 035 $a(OCoLC)475928131 035 $a(SSID)ssj0000145624 035 $a(PQKBManifestationID)11158178 035 $a(PQKBTitleCode)TC0000145624 035 $a(PQKBWorkID)10183129 035 $a(PQKB)10371581 035 $a(StDuBDS)EDZ0000056140 035 $a(MiAaPQ)EBC223488 035 $a(DE-B1597)519387 035 $a(OCoLC)52999522 035 $a(DE-B1597)9780520928527 035 $a(MiAaPQ)EBC523734 035 $a(Au-PeEL)EBL223488 035 $a(CaPaEBR)ebr10050799 035 $a(CaONFJC)MIL327705 035 $a(EXLCZ)99111087027178656 100 $a20020603d2003 ub 0 101 0 $aeng 135 $aurnn#---|u||u 181 $ctxt 182 $cc 183 $acr 200 14$aThe emancipation of writing$b[electronic resource] $eGerman civil society in the making, 1790's-1820's /$fIan F. McNeely 210 $aBerkeley $cUniversity of California Press$dc2003 215 $a1 online resource (348 p.) 225 1 $aStudies on the history of society and culture 300 $aDescription based upon print version of record. 311 0 $a0-520-23330-1 320 $aIncludes bibliographical references (p. 253-323) and index. 327 $tFront matter --$tContents --$tIllustrations --$tAcknowledgments --$tIntroduction --$t1. The Civic Landscape --$t2. The Tutelage of the Scribes --$t3. The Black Forest Cahier --$t4. Constitutional Fetishism --$t5. Transcending "Textual Serfdom" --$t6. Reading, Writing, and Reform --$t7. Cataloging the Social World --$t8. The Intelligence Gazettes --$tConclusion --$tGlossary --$tAbbreviations --$tNotes --$tSources --$tIndex 330 $aThe Emancipation of Writing is the first study of writing in its connection to bureaucracy, citizenship, and the state in Germany. Stitching together micro- and macro-level analysis, it reconstructs the vibrant, textually saturated civic culture of the German southwest in the aftermath of the French Revolution and Napoleon's invasions. Ian F. McNeely reveals that Germany's notoriously oppressive bureaucracy, when viewed through the writing practices that were its lifeblood, could also function as a site of citizenship. Citizens, acting under the mediation of powerful local scribes, practiced their freedoms in written engagements with the state. Their communications laid the basis for civil society, showing how social networks commonly associated with the free market, the free press, and the voluntary association could also take root in powerful state institutions. 410 0$aStudies on the history of society and culture. 606 $aBureaucracy$zGermany$xHistory 606 $aWritten communication$zGermany$xHistory 606 $aCivil society$zGermany$xHistory 610 $ablack forest. 610 $abureaucracy. 610 $acitizenship. 610 $acivic culture. 610 $acivil society. 610 $aduchy of wurttemberg. 610 $aeurope. 610 $afoucault. 610 $afree market. 610 $afree press. 610 $afrench revolution. 610 $agerman history. 610 $agerman identity. 610 $agerman southwest. 610 $agermany. 610 $agovernment. 610 $ahabermas. 610 $ahistory. 610 $aidentity. 610 $aintelligenzblatt. 610 $ainvasion. 610 $amilitary. 610 $amodes of power. 610 $anapoleon. 610 $anation. 610 $anonfiction. 610 $aoccupation. 610 $aresistance. 610 $aschorndorf. 610 $aschreiber. 610 $ascribes. 610 $asocial networks. 610 $astate authority. 610 $astate power. 610 $awar. 610 $awelzheim. 610 $awriting practices. 610 $awriting. 610 $awurttemberg. 615 0$aBureaucracy$xHistory. 615 0$aWritten communication$xHistory. 615 0$aCivil society$xHistory. 676 $a300/.943/09033 700 $aMcNeely$b Ian F.$f1971-$01473838 801 0$bMiAaPQ 801 1$bMiAaPQ 801 2$bMiAaPQ 906 $aBOOK 912 $a9910780250803321 996 $aThe emancipation of writing$93687165 997 $aUNINA LEADER 03068nam 2200793 a 450 001 9910786261903321 005 20230125212110.0 010 $a1-299-22056-8 010 $a1-60649-651-4 035 $a(CKB)2670000000336878 035 $a(EBL)1132603 035 $a(OCoLC)829459908 035 $a(SSID)ssj0000970157 035 $a(PQKBManifestationID)12424831 035 $a(PQKBTitleCode)TC0000970157 035 $a(PQKBWorkID)11020277 035 $a(PQKB)10511860 035 $a(OCoLC)834603561 035 $a(CaBNVSL)swl00402240 035 $a(MiAaPQ)EBC1132603 035 $a(Au-PeEL)EBL1132603 035 $a(CaPaEBR)ebr10678410 035 $a(CaONFJC)MIL453306 035 $a(EXLCZ)992670000000336878 100 $a20130401d2013 fy 0 101 0 $aeng 135 $aur|n|---||||| 181 $ctxt 182 $cc 183 $acr 200 12$aA manager's guide to building a successful business$b[electronic resource] /$fGary Randazzo 205 $a1st ed. 210 $a[New York, N.Y.] (222 East 46th Street, New York, NY 10017) $cBusiness Expert Press$d2013 215 $a1 online resource (132 p.) 225 1 $aEntrepreneurship and small business management collection,$x1946-5661 300 $aPart of: 2013 digital library. 311 $a1-60649-650-6 320 $aIncludes bibliographical references (p. 113-114) and index. 327 $aIntroduction -- Part I. Management -- Planning -- Workforce -- Money -- Methods -- Directing -- Controls -- Part II. Marketing -- Products and services -- Promotion -- Pricing -- Place -- The successful business -- Notes -- References -- Index. 330 3 $aThis uses real market examples to demonstrate the effective use of management and marketing principles. The book also introduces programs developed over a 40-year career to help manage all aspects of a business and to develop and execute marketing strategies. Managers and executives will use this book as a guide to grow an established business or start a new one. The book can be used as a reference book for unique management challenges as well. 410 0$a2013 digital library. 410 0$aEntrepreneurship and small business management collection.$x1946-5661 606 $aStrategic planning 606 $aManagement 606 $aMarketing 610 $aplanning 610 $ajob performance 610 $astandards of performance 610 $adisruptive innovation 610 $amarket disruptions 610 $acash flow 610 $aPERT 610 $apricing 610 $amarketing promotions 610 $aorganizing 610 $afinancial controls 610 $amotivating employees 615 0$aStrategic planning. 615 0$aManagement. 615 0$aMarketing. 676 $a658.4012 700 $aRandazzo$b Gary$01504504 801 0$bMiAaPQ 801 1$bMiAaPQ 801 2$bMiAaPQ 906 $aBOOK 912 $a9910786261903321 996 $aA manager's guide to building a successful business$93733555 997 $aUNINA LEADER 03781nam 2201021 a 450 001 9910778485803321 005 20230721022813.0 010 $a1-282-35941-X 010 $a9786612359415 010 $a0-520-93460-1 024 7 $a10.1525/9780520934603 035 $a(CKB)1000000000799359 035 $a(EBL)470954 035 $a(OCoLC)609850098 035 $a(SSID)ssj0000313753 035 $a(PQKBManifestationID)11264432 035 $a(PQKBTitleCode)TC0000313753 035 $a(PQKBWorkID)10362352 035 $a(PQKB)11205352 035 $a(StDuBDS)EDZ0000055989 035 $a(MiAaPQ)EBC470954 035 $a(MdBmJHUP)muse30586 035 $a(DE-B1597)518806 035 $a(OCoLC)808600811 035 $a(DE-B1597)9780520934603 035 $a(Au-PeEL)EBL470954 035 $a(CaPaEBR)ebr10676214 035 $a(CaONFJC)MIL235941 035 $a(EXLCZ)991000000000799359 100 $a20080116d2008 uy 0 101 0 $aeng 135 $aur|n|---||||| 181 $ctxt 182 $cc 183 $acr 200 10$aWuhan, 1938$b[electronic resource] $ewar, refugees, and the making of modern China /$fStephen R. MacKinnon ; includes photographs by Robert Capa 210 $aBerkeley $cUniversity of California Press$dc2008 215 $a1 online resource (224 p.) 300 $a"A Philip E. Lilienthal book"--P. facing t.p. 311 $a0-520-25445-7 320 $aIncludes bibliographical references (p. 149-168) and index. 327 $aWuhan before the war -- Defending central China, 1938: military leadership and strategy -- The battle for Xuzhou and the defense of Wuhan -- Wuhan's refugee crisis -- Culture and the press -- Mobilizing youth -- Romantic Hankou: the international dimension. 330 $aDuring the spring of 1938, a flood of Chinese refugees displaced by the Anti-Japanese War (1937-1945) converged on the central Yangzi valley tricity complex of Wuhan. For ten remarkable months, in a highly charged atmosphere of carnage, heroism, and desperation, Wuhan held out against the Japanese in what would become a turning point in the war-and one that attracted international attention. Stephen MacKinnon for the first time tells the full story of Wuhan's defense and fall, and how the siege's aftermath led to new directions in the history of modern Chinese culture, society, and politics. 517 3 $aWar, refugees, and the making of modern China 606 $aSino-Japanese War, 1937-1945$zChina$zWuhan Shi 607 $aWuhan Shi (China)$xHistory$y20th century 610 $a1930s. 610 $aanti japanese. 610 $aasia. 610 $aasian history. 610 $acarnage. 610 $achina. 610 $achinese culture. 610 $achinese history. 610 $achinese refugees. 610 $acontemporary history. 610 $acontemporary. 610 $acultural history. 610 $acultural studies. 610 $aheroism. 610 $ainternational. 610 $ajapanese history. 610 $amodern china. 610 $amodern history. 610 $amodern life. 610 $amodern world. 610 $apolitical. 610 $apolitics. 610 $arace. 610 $aracism. 610 $arefugee stories. 610 $arefugee. 610 $asocial studies. 610 $asociety. 610 $atrue story. 610 $awuhan. 610 $axenophobia. 615 0$aSino-Japanese War, 1937-1945 676 $a951.04/2 700 $aMacKinnon$b Stephen R$01152605 701 $aCapa$b Robert$f1913-1954.$0141548 801 0$bMiAaPQ 801 1$bMiAaPQ 801 2$bMiAaPQ 906 $aBOOK 912 $a9910778485803321 996 $aWuhan, 1938$93859792 997 $aUNINA